[Event "WUCC op 11th"]
[Site "Zuerich"]
[Date "2010.09.11"]
[Round "9"]
[White "Mekhitarian, Krikor Sevag"]
[Black "Roganovic, Milos"]
[Result "1-0"]
[WhiteElo "2550"]
[BlackElo "2497"]
[Annotator "Mekhitarian,K"]
[PlyCount "67"]
[EventDate "2010.09.05"]
[EventType "swiss"]
[EventRounds "9"]
[EventCountry "SUI"]
[SourceTitle "CBM 138 Extra"]
[Source "ChessBase"]
[SourceDate "2010.10.29"]
[SourceVersion "1"]
[SourceVersionDate "2010.10.29"]
[SourceQuality "1"]

{This game was played in the last round of the World University Chess
Championship in Zuerich (SUI). One could hardly imagine that we both had 4 out
of 8. In any case, I always give such a big importance to last round games,
because for me the period after a tournament ends is an important one, and if
you're in a good mood, that helps whatever you're doing next on your life.} 1.
Nf3 Nf6 2. c4 e6 3. g3 {I played the Catalan in some occasions, and here I had
a particular idea in mind} d5 4. d4 Be7 5. Bg2 O-O 6. O-O dxc4 7. Qc2 a6 8. a4
Bd7 9. Rd1 $5 {I tried this idea for the 2nd time, and it's important to
notice that Black should be careful not to get an akward position from the
very beginning.} Bc6 10. Nc3 {This is the key. White does not want to take
back the pawn on c4, but instead prepares a strong e4 idea (limiting both Nf6
and Bc6).} Nd5 ({Among all possible moves here,} 10... Bxf3 $5 {seems to be
the best reaction} 11. Bxf3 Nc6 $1 (11... c6 {was my other game, where white
stands quite confortable with the bishop pair and some space, but again it is
not that easy to break-through black's solid light-squared-pawn-setup} 12. Ne4
Nbd7 13. Nd2 a5 14. Nxc4 Nb6 15. b3 $14 {Mekhitarian,K (2511)-Nakhapetian,P 
(2449) Pan-Armenian ol 2010 (7) 1/2-1/2}) 12. Bxc6 bxc6 13. a5 $13 {when White
is trying to play Ra4xc4, or Qa4xc4 and wants to take advantage of Black's
dubious pawn structure. In any case, there is a strong counterplay coming on
the 'b' file, and chances should be balanced in here.} Rb8 $5 14. Ra4 Rb4 15.
Na2 Rxa4 16. Qxa4 h6 17. Qxc4 Qd5 $11 {Gelfand,B (2741)-Aronian,L (2783) Leon
23rd rapid 2010 (2.2) 1/2-1/2}) (10... Bb4 $5 11. Bg5 Bxc3 {leaving White with
different alternatives} 12. Bxf6 (12. Qxc3 {leads to a balanced endgame:} Ne4
13. Bxd8 Nxc3 14. bxc3 Rxd8 15. Ne5 Bxg2 16. Kxg2 Nc6 17. Nxc4 $11 {/+/=})
12... Qxf6 13. bxc3 $44 Nd7 14. Qa2 Bd5 15. Nd2 Bxg2 16. Kxg2 c5 17. Nxc4 $14 {
Laznicka,V (2636)-Harikrishna,P (2660) World op 38th 2010 (7) 1/2-1/2}) 11. e4
Nxc3 $6 (11... Nb4 {was more complicated and probably better:} 12. Qe2 Nd3 13.
Be3 {/\ b3} b5 $1 $146 (13... Bb4 $6 14. Ne1 Nxe1 15. Rxe1 b5 16. Red1 Bxc3 17.
d5 exd5 18. exd5 Bb7 19. bxc3 $16 {Iskusnyh,S (2497)-Battulga,N (2395) Ulan
Ude Buddhist Sangha 2010 (2) 1/2-1/2}) 14. b3 {when it is not clear whether
White's chances are preferrable in the following complications:} Bb4 15. axb5
Bxc3 16. bxc6 Bxa1 17. Rxa1 Nxc6 18. bxc4 Ncb4 $13) 12. bxc3 {Now the position
becomes quite unpleasant for Black.} b5 (12... b6 {would be a passive decision,
when White already is more confortable.} 13. Ne5 Bb7 14. Nxc4 $14) 13. Ne5 Bb7
14. Rb1 Qc8 15. axb5 axb5 16. Rxb5 Nc6 (16... f6 $6 {would leave a delicate
weakness on e6} 17. Nxc4 Ba6 18. Ra5 Nc6 19. Ra4 Bb5 20. Rxa8 Qxa8 21. Nb2 $16
{/\ c4, e5 [X e6, Nc6]}) 17. Qb1 $1 Nxe5 (17... Na5 18. Nxc4 Nxc4 19. Rxb7 $16)
18. Rxb7 Nd3 19. e5 Rb8 (19... h6 20. Bd2 $16 {with Be4 and Bxd3 to come, when
White's gonna be a clear pawn up.}) 20. Qb5 Nxc1 21. Rxc1 c5 {Black tries to
get into an endgame with opposite-coloured bishops, but with heavier pieces,
there's still a lot of play.} 22. Rxb8 (22. Rb1 {didn't attract me, since:}
Rxb7 23. Qxb7 Qxb7 24. Rxb7 Bd8 25. dxc5 Ba5 {and this didn't look good enough
for White, but} 26. Rb5 $1 {is good apparently, since Bxc3 is well-met by 27.
c6!} Bc7 27. f4 $16) 22... Qxb8 23. Qxb8 Rxb8 24. d5 {I don't know if this is
enough for a win, but I thought I would get the c4-pawn and could have chances
to expand my king-side, when there could be a real pressure, since we have
opposite-coloured bishops.} g5 $5 {A brave decision, allowing both 25.dxe6 or
25.d6, but neither is giving White a clear advantage.} (24... exd5 {would be
worse, I think:} 25. Bxd5 Rb2 26. Bxc4 $16 {with f4 to come, followed by the
activation of White's rook, when Black's king would be seriously vulnerable.})
25. dxe6 $6 {I preferred the creation of a clear weakness on Black's field, as
well as the weakening of the 7th rank, instead of having a strong passed pawn
on d6. In either case, Black would have counterplay ideas, but 25.d6 was the
best try.} (25. d6 $1 Bf8 26. Bf1 Bg7 27. Re1 g4 28. Bxc4 Kf8 29. h3 h5 30.
hxg4 hxg4 31. Re4 $1 $16 {/\ Be2, [X g4], and still it's not so clear whether
White is winning this (since defending e5-pawn is a big problem), but there
should be good chances.}) 25... fxe6 26. Bf1 Bf8 $2 (26... Kf7 27. Bxc4 Ra8 28.
Rb1 (28. Be2 Ra4 29. c4 Bf8 30. Rb1 Bg7 31. Rb7+ Kf8 32. f4 gxf4 33. gxf4 Bh6
34. f5 exf5 35. e6 Be3+ 36. Kg2 Ra2 $1 37. Kf3 Bd4 $11) 28... Ra4 $1 {The key
defensive move that makes 25.dxe6 a bad decision. Now White does not have time
to build an attack battery on e6, and probably can't hold e5 as well.} 29. Be2
Re4 30. Bh5+ Kg8 31. Rb7 Bf8 32. Bf7+ Kh8 33. Bxe6 Rxe5 34. Bc4 $14 {and now
drawing chances become huge without the strong e5-pawn.}) 27. Bxc4 Re8 28. Kg2
$18 {f4-Kf3-Rb1 is coming, against what Black is defenseless.} Bg7 29. f4 gxf4
30. gxf4 Bh6 31. Kf3 Kf8 (31... Rf8 32. Rg1+ Kh8 33. Rg4 Re8 34. Ke4 $18) 32.
Rb1 Re7 33. Rb8+ Kg7 34. f5 {So, back to my philosophy, even though I lost a
bunch of rating points in Zuerich, winning the last game made my journey back
home much better, and also gave me motivation to work harder on my game.} 1-0

[Event "Moscow Aeroflot op-A 10th"]
[Site "Moscow"]
[Date "2011.02.10"]
[Round "3"]
[White "Vuckovic, Bojan"]
[Black "Mekhitarian, Krikor Sevag"]
[Result "1/2-1/2"]
[WhiteElo "2623"]
[BlackElo "2528"]
[Annotator "Mekhitarian,K"]
[PlyCount "65"]
[EventDate "2011.02.08"]
[EventType "swiss"]
[EventRounds "9"]
[EventCountry "RUS"]
[SourceTitle "CBM 141 Extra"]
[Source "ChessBase"]
[SourceDate "2011.05.03"]
[SourceVersion "1"]
[SourceVersionDate "2011.05.03"]
[SourceQuality "1"]

1. d4 {This was already my first surprise. My opponent used to play 1.e4 in
most of his games. Anyway, I was quite confident with my usual Gruenfeld, and
wanted to see what he had in mind against it.} Nf6 2. c4 g6 3. Nc3 d5 4. Bg5
Bg7 $5 {Black runs from ...Ne4 positions, which are much more flexible for
both sides. In the other hand, white could take the d5 pawn, after what a long
struggle begins when black fights for compensation and white tries to
consolidate} 5. Bxf6 (5. Nf3 dxc4 $1 {is the move that goes with 4...Bg7.
Black once again avoids the main lines. Now:} 6. e4 c5 7. d5 b5 8. d6 $1 {
is the critical} Bb7 9. e5 Ne4 10. Nxe4 Bxe4 11. a4 $1 {As seen in the recent
Nisipeanu - Lupulescu, where black already blinked:} f6 $2 (11... a6 {this
deserves a deep investigation to make the whole variation playable for black.})
12. exf6 exf6 13. axb5 fxg5 14. Bxc4 Kf8 15. O-O $16) 5... Bxf6 6. cxd5 {
This is it - white choses to take the central pawn for free. Nevertheless,
life is not that easy, and black will start central actions immediately,
trying to take advantage of the bishop pair:} c6 7. Rc1 $5 {the move with the
best reputation at this position. White 'defends' d5 pawn by means of 8.Nxd5,
since the c8 bishop is hanging. Other alternatives are possible as well:} (7.
e4 Qb6 8. e5 Qxb2 9. Nge2 Bg7 $13) (7. dxc6 Bxd4 8. cxb7 Bxb7 $44 {with a
great compensation}) (7. e3 {is harmless, but could be preferred by those that
want a static position. white is going to place all the pawns in dark squares,
fighting the f6 Bishop, that suddenly is not that strong anymore (as it is in
most of the Gruenfeld variations).} cxd5 8. Bb5+ Kf8 9. Nge2 Kg7 10. Nf4 e6 11.
O-O Qb6 $11) 7... O-O 8. dxc6 Qxd4 (8... Bxd4 $5 {is the alternative, when
white gives the pawn back to get a small pressure in the following endgame:} 9.
c7 $1 Bxc3+ 10. Rxc3 Qxd1+ 11. Kxd1 Nc6 12. e4 Bd7 13. Nf3 Rfc8 14. Bb5 Rxc7
15. Kd2 $11 {/+/=. White is going to put some pressure along the c file, using
the pin of the c6 N.}) 9. Qxd4 Bxd4 10. cxb7 (10. c7 $6 {is harmless now,
since the d4 bishop is still alive} Nc6 11. Nf3 Bb6 12. e3 Bxc7 $11 {And
suddenly black could even think about getting a better endgame}) 10... Bxb7 11.
Nf3 Bf6 12. e3 (12. g3 {wouldn't help that much:} Nd7 13. Bg2 Rab8 $1 14. Rc2
$2 (14. O-O $142 Bxf3 15. Bxf3 Rxb2 16. Rfd1 $11) 14... Bxf3 15. Bxf3 Rxb2 16.
Rxb2 Bxc3+ 17. Rd2 Rb8 18. Kd1 Bxd2 19. Kxd2 Rb2+ 20. Kc3 Rxa2 $17 {Nezad,H 
(2420)-Kulaots,K (2577) Gibraltar Masters 2011 (9.15) 0-1}) 12... Rd8 {It is
funny how sometimes humans get so addicted to the help of technology that our
brain starts to work less and less. I had this idea prepared long time ago,
but for some reason I had 11...Bg7 instead of 11...Bf6. Probably because my
engine was suggesting that move, and I blindly agreed. But during the game,
luckily I didn't remember my whole preparation, and thus I had to use my brain
for real. It seemed logical to me that the f6 is a much better square for the
B, since I avoid any kind of 8th rank issues (I can just have Kg7 now), and my
e7 P is protected in some cases. The drawback would be leaving the Bishop more
vulnerable to N attacks (Ne4, Nd5), but my B on b7 is taking care of that.} (
12... Nd7 {is the move seen in practice.} 13. Bb5 Rfd8 $1 14. O-O Bxf3 15. gxf3
Rab8 {And it seems like black is equalizing} 16. Bxd7 (16. a4 Ne5 17. Kg2 Nd3
18. Bxd3 Rxd3 19. Rc2 Rb4 $44 {and black is fine}) (16. b3 Bxc3 17. Bxd7 Bd2
18. Rc7 Ba5 19. Rc5 Bb4 20. Rb5 Rxb5 21. Bxb5 Rd2 22. a4 g5 $11 {followed by
a5-e6, Kg7-f6}) 16... Rxd7 17. Rc2 Rdb7 18. Rb1 Bxc3 $11 {Kazhgaleyev,M (2623)
-So,W (2669) 16th Asian Games Rapid 2010 (5) 1/2-1/2}) 13. Be2 Na6 14. O-O Nb4
{This is the main idea of 12...Rd8! Now I threaten the a2 pawn (by Bxc3), and
also Nd3, getting the pure bishop pair.} 15. a3 Nd3 16. Bxd3 Rxd3 17. Rfd1 ({
Back then I had} 17. Na4 {analysed, after what I was going to blitz} Rd6 $5 $44
{threatening Bc6 to send the knight back home, and keeping a good control of
the position.} 18. Rc7 (18. Rc2) 18... Bc6 19. b3 Bxa4 20. bxa4 Rd3 $11) 17...
Rxd1+ 18. Rxd1 $6 {this leads to a drawn rook endgame} (18. Nxd1 {was the
correct move, after what my opponent suggested} Ba6 $5 {in post-mortem,
avoiding the King to come to f1-e1, from where it could help white regrouping}
({I had} 18... Rd8 {in mind, but wasn't so sure how to proceed after} 19. Kf1 {
Although it's hard to say how is white going to create anything here, for a
second the position looks solid.} Rd6 $5 $44 {trying to annoy white's
queenside with Rb6 maybe, and keeping g5-h5 ideas in mind})) 18... Bxc3 19.
bxc3 Rc8 $1 {correct move order, since:} 20. Rc1 (20. Rd7 $2 Rxc3 $1 {this
threatens mate now, since I still didn't exchange in f3}) 20... Bxf3 21. gxf3
Rc4 22. Kf1 e5 $1 {avoiding white's expansion with f4, and also leaving the
possibility of Rh4} 23. Ke2 Kf8 24. Kd3 Ra4 {As the great Nimzovich used to
say: the threat is much stronger than the execution.} ({The risky} 24... Rh4 {
was possible, and I'm not sure what's going on after:} 25. c4 Rxh2 26. Ke2 {
suddenly I felt my rook was sort of trapped in here} Ke7 {but apparently the
computer always seems to solve tactical issues} 27. Rb1 Rh4 28. e4 f5 $132) 25.
c4 Ke7 {after having not played 24...Rh4, of course 25...Rxa3+ would be nosense
} (25... Rxa3+ $6 26. Ke4 f6 {but of course, Mr. Houdini thinks this is a
forced draw (0.00). Who on earth invented those softwares?}) 26. Rc3 Kd6 {
Now it is clear that black's activity compensates the pawn down} 27. f4 {
white returns the material in order to get some fresh air.} (27. Kc2 Kc5 28.
Kb3 {wouldn't help, because} Ra6 29. Rd3 Rf6 {forces white to start worrying a
little about the king-side pawns}) 27... exf4 28. Kd4 fxe3 29. Rxe3 Ra5 30. Rf3
Ke6 31. Re3+ Kd6 32. Rf3 Ke6 33. Re3+ 1/2-1/2

[Event "Cappelle op 27th"]
[Site "Cappelle-la-Grande"]
[Date "2011.03.02"]
[Round "6"]
[White "Mekhitarian, Krikor Sevag"]
[Black "Collas, Silvia"]
[Result "1/2-1/2"]
[WhiteElo "2528"]
[BlackElo "2311"]
[PlyCount "39"]
[EventDate "2011.02.26"]
[EventType "swiss"]
[EventRounds "9"]
[EventCountry "FRA"]
[SourceTitle "CBM 141 Extra"]
[Source "ChessBase"]
[SourceDate "2011.05.03"]
[SourceVersion "1"]
[SourceVersionDate "2011.05.03"]
[SourceQuality "1"]

1. d4 Nf6 2. c4 g6 3. Nf3 Bg7 4. g3 c5 5. d5 b5 6. cxb5 a6 7. bxa6 d6 8. Nc3
Nbd7 9. Bg2 Nb6 10. O-O Bxa6 11. Re1 O-O 12. e4 Nfd7 13. Qc2 Nc4 14. Rb1 Qa5
15. Bf1 Rfb8 16. Kg2 Ra7 17. Bd2 Nxd2 18. Nxd2 Bxf1+ 19. Rxf1 Bxc3 20. bxc3
1/2-1/2

[Event "Sao Paulo Braga op"]
[Site "Sao Paulo"]
[Date "2011.04.21"]
[Round "2"]
[White "Mekhitarian, Krikor Sevag"]
[Black "Proudian, Armen"]
[Result "1-0"]
[WhiteElo "2529"]
[BlackElo "2113"]
[PlyCount "85"]
[EventDate "2011.04.20"]
[EventType "swiss"]
[EventRounds "9"]
[EventCountry "BRA"]
[SourceTitle "CBM 141 Extra"]
[Source "ChessBase"]
[SourceDate "2011.05.03"]
[SourceVersion "1"]
[SourceVersionDate "2011.05.03"]
[SourceQuality "1"]

1. e4 e5 2. Nf3 Nc6 3. Bb5 Bc5 4. c3 Nf6 5. d4 Bb6 6. Nxe5 Nxe5 7. dxe5 Nxe4 8.
Qg4 Bxf2+ 9. Ke2 Qh4 10. Qxg7 Rf8 11. Bh6 Bc5 12. Nd2 Nxd2 13. Kxd2 c6 14. Bg5
Qf2+ 15. Be2 Qf5 16. Rhf1 Qg6 17. Qf6 Qxf6 18. Bxf6 d5 19. g4 Rg8 20. g5 Be7
21. h4 Be6 22. Bxe7 Kxe7 23. Rf6 Rg7 24. Raf1 Rd8 25. R1f4 c5 26. Ke3 c4 27.
Bd1 b5 28. Bc2 a5 29. Rh6 Rh8 30. Kd4 b4 31. Bf5 Rb8 32. Bxe6 fxe6 33. Rff6 Rb6
34. Kc5 bxc3 35. bxc3 Rb2 36. Rxe6+ Kd8 37. Rd6+ Ke8 38. Rde6+ Kd8 39. Rd6+ Rd7
40. e6 Rxd6 41. Kxd6 Rb8 42. Kxd5 Rb7 43. Kd6 1-0

[Event "Sao Paulo Braga op"]
[Site "Sao Paulo"]
[Date "2011.04.22"]
[Round "4"]
[White "Mekhitarian, Krikor Sevag"]
[Black "Martins, Carlos"]
[Result "1-0"]
[WhiteElo "2529"]
[BlackElo "2252"]
[PlyCount "57"]
[EventDate "2011.04.20"]
[EventType "swiss"]
[EventRounds "9"]
[EventCountry "BRA"]
[SourceTitle "CBM 141 Extra"]
[Source "ChessBase"]
[SourceDate "2011.05.03"]
[SourceVersion "1"]
[SourceVersionDate "2011.05.03"]
[SourceQuality "1"]

1. d4 f5 2. g3 Nf6 3. Bg2 g6 4. Nf3 Bg7 5. c4 O-O 6. O-O d6 7. Nc3 Nc6 8. d5
Ne5 9. Nxe5 dxe5 10. c5 Kh8 11. Qb3 h6 12. Rd1 g5 13. Bd2 a6 14. Na4 Qe8 15.
Ba5 Bd7 16. Nc3 b6 17. cxb6 cxb6 18. Qxb6 e4 19. Bb4 Ng4 20. Bc5 Rb8 21. Qxa6
Rxb2 22. h3 Qc8 23. Qa3 Rc2 24. Rac1 Rxc1 25. Rxc1 Nf6 26. Bxe7 Rf7 27. Nxe4
Qe8 28. Bxf6 Bxf6 29. Nd6 1-0

[Event "Sao Paulo Braga op"]
[Site "Sao Paulo"]
[Date "2011.04.23"]
[Round "6"]
[White "Mekhitarian, Krikor Sevag"]
[Black "Shoker, Samy"]
[Result "0-1"]
[WhiteElo "2529"]
[BlackElo "2441"]
[PlyCount "82"]
[EventDate "2011.04.20"]
[EventType "swiss"]
[EventRounds "9"]
[EventCountry "BRA"]
[SourceTitle "CBM 141 Extra"]
[Source "ChessBase"]
[SourceDate "2011.05.03"]
[SourceVersion "1"]
[SourceVersionDate "2011.05.03"]
[SourceQuality "1"]

1. e4 d6 2. d4 Nf6 3. Nc3 g6 4. Be3 c6 5. h3 Nbd7 6. Nf3 Bg7 7. Qd2 O-O 8. Bd3
e5 9. dxe5 Nxe5 10. Be2 b5 11. a3 a5 12. Nxe5 dxe5 13. Qxd8 Rxd8 14. g3 Be6 15.
f3 Nd7 16. Kf2 Bf8 17. Rhd1 b4 18. Na4 f5 19. Kg2 Kf7 20. axb4 axb4 21. b3 Be7
22. Rd2 Nf6 23. Bd3 c5 24. Rdd1 c4 25. bxc4 fxe4 26. fxe4 Nxe4 27. Bxe4 Rxd1
28. Rxd1 Rxa4 29. Bd5 Bxd5+ 30. cxd5 Ra3 31. Re1 Ra2 32. Rf1+ Ke8 33. Rf2 Kd7
34. Kf3 Ra3 35. Re2 Bc5 36. Ke4 Rxe3+ 37. Rxe3 Bxe3 38. Kxe3 Kd6 39. Ke4 g5 40.
Kf5 Kxd5 41. Kxg5 Kd4 0-1

[Event "Sao Paulo Braga op"]
[Site "Sao Paulo"]
[Date "2011.04.24"]
[Round "8"]
[White "Mekhitarian, Krikor Sevag"]
[Black "Mandetta, Joao Danilo"]
[Result "1-0"]
[WhiteElo "2529"]
[BlackElo "2138"]
[PlyCount "39"]
[EventDate "2011.04.20"]
[EventType "swiss"]
[EventRounds "9"]
[EventCountry "BRA"]
[SourceTitle "CBM 141 Extra"]
[Source "ChessBase"]
[SourceDate "2011.05.03"]
[SourceVersion "1"]
[SourceVersionDate "2011.05.03"]
[SourceQuality "1"]

1. d4 Nf6 2. Nf3 c5 3. d5 b5 4. Bg5 Bb7 5. Bxf6 exf6 6. e3 Qa5+ 7. c3 Bd6 8. a4
b4 9. Nbd2 O-O 10. Nc4 Qc7 11. Be2 Na6 12. O-O Rfe8 13. Qd3 g6 14. Rfd1 Bf8 15.
d6 Qd8 16. Nfd2 f5 17. Bf3 Bxf3 18. Nxf3 Bg7 19. Rac1 Rc8 20. Qd5 1-0

[Event "Sao Paulo Braga op"]
[Site "Sao Paulo"]
[Date "2011.04.24"]
[Round "9"]
[White "Bispo, Leonardo"]
[Black "Mekhitarian, Krikor Sevag"]
[Result "1/2-1/2"]
[WhiteElo "2184"]
[BlackElo "2529"]
[PlyCount "55"]
[EventDate "2011.04.20"]
[EventType "swiss"]
[EventRounds "9"]
[EventCountry "BRA"]
[SourceTitle "CBM 141 Extra"]
[Source "ChessBase"]
[SourceDate "2011.05.03"]
[SourceVersion "1"]
[SourceVersionDate "2011.05.03"]
[SourceQuality "1"]

1. d4 Nf6 2. c4 g6 3. Nf3 Bg7 4. g3 d5 5. Bg2 dxc4 6. Ne5 Nfd7 7. Nxc4 Nb6 8.
Nxb6 axb6 9. d5 O-O 10. O-O c6 11. Nc3 e6 12. dxc6 bxc6 13. Qxd8 Rxd8 14. Bg5
Rd7 15. Rfd1 f5 16. Be3 b5 17. Nxb5 Bxb2 18. Rab1 Rxa2 19. Na7 Rxd1+ 20. Rxd1
Bd7 21. Nxc6 Bxc6 22. Rd8+ Kf7 23. Rxb8 Be5 24. Rd8 Bb5 25. Bf3 Bxe2 26. Bxe2
Rxe2 27. Rd7+ Kg8 28. Rd8+ 1/2-1/2

[Event "Sao Paulo Masters 2nd"]
[Site "Sao Paulo"]
[Date "2011.05.10"]
[Round "2.1"]
[White "Mekhitarian, Krikor Sevag"]
[Black "Abdalla, Luiz Guilherme"]
[Result "1-0"]
[WhiteElo "2499"]
[BlackElo "2289"]
[PlyCount "55"]
[EventDate "2011.05.10"]
[EventType "k.o. (blitz)"]
[EventRounds "4"]
[EventCountry "BRA"]
[SourceTitle "CBM 142 Extra"]
[Source "ChessBase"]
[SourceDate "2011.06.27"]
[SourceVersion "1"]
[SourceVersionDate "2011.06.27"]
[SourceQuality "1"]

1. d4 Nf6 2. c4 c5 3. d5 e6 4. Nc3 exd5 5. cxd5 d6 6. Nf3 g6 7. Bf4 a6 8. a4
Bg7 9. h3 O-O 10. e3 Nh5 11. Bh2 f5 12. Be2 f4 13. O-O Nd7 14. Nd2 fxe3 15.
fxe3 Qe7 16. Nc4 Ne5 17. Rxf8+ Bxf8 18. Nxe5 dxe5 19. Bxh5 gxh5 20. Qxh5 Bg7
21. Ne4 Bd7 22. Rf1 Bxa4 23. Ng5 h6 24. Nf7 Rf8 25. Nxh6+ Bxh6 26. Qxh6 Rxf1+
27. Kxf1 Bb5+ 28. Kg1 1-0

[Event "Sao Paulo Masters 2nd"]
[Site "Sao Paulo"]
[Date "2011.05.10"]
[Round "2.2"]
[White "Abdalla, Luiz Guilherme"]
[Black "Mekhitarian, Krikor Sevag"]
[Result "1-0"]
[WhiteElo "2289"]
[BlackElo "2499"]
[PlyCount "71"]
[EventDate "2011.05.10"]
[EventType "k.o. (blitz)"]
[EventRounds "4"]
[EventCountry "BRA"]
[SourceTitle "CBM 142 Extra"]
[Source "ChessBase"]
[SourceDate "2011.06.27"]
[SourceVersion "1"]
[SourceVersionDate "2011.06.27"]
[SourceQuality "1"]

1. d4 Nf6 2. c4 g6 3. Nc3 d5 4. Nf3 Bg7 5. Qa4+ c6 6. cxd5 Nxd5 7. e4 Nb6 8.
Qd1 Bg4 9. Be3 Bxf3 10. gxf3 O-O 11. Qd2 N8d7 12. Rd1 Rc8 13. h4 e5 14. h5 exd4
15. Bxd4 Bxd4 16. Qxd4 Qf6 17. hxg6 hxg6 18. Qe3 Rfe8 19. Bh3 Rcd8 20. Bxd7
Rxd7 21. Rxd7 Nxd7 22. f4 Qe7 23. Qh3 Qf6 24. Qxd7 Rd8 25. Qh3 Qd4 26. Qh7+ Kf8
27. Qh8+ Ke7 28. Qxd4 Rxd4 29. Ke2 b5 30. Ke3 Rc4 31. Kd3 a6 32. b3 Rc5 33. Kd4
Rh5 34. Rxh5 gxh5 35. Kc5 h4 36. Ne2 1-0

[Event "Sao Paulo Masters 2nd"]
[Site "Sao Paulo"]
[Date "2011.05.10"]
[Round "2.3"]
[White "Abdalla, Luiz Guilherme"]
[Black "Mekhitarian, Krikor Sevag"]
[Result "0-1"]
[WhiteElo "2289"]
[BlackElo "2499"]
[PlyCount "66"]
[EventDate "2011.05.10"]
[EventType "k.o. (blitz)"]
[EventRounds "4"]
[EventCountry "BRA"]
[SourceTitle "CBM 142 Extra"]
[Source "ChessBase"]
[SourceDate "2011.06.27"]
[SourceVersion "1"]
[SourceVersionDate "2011.06.27"]
[SourceQuality "1"]

1. Nf3 c5 2. c4 Nc6 3. g3 g6 4. Bg2 Bg7 5. Nc3 e5 6. O-O d6 7. a3 a5 8. Rb1
Nge7 9. Ne1 Be6 10. d3 d5 11. cxd5 Nxd5 12. Nc2 O-O 13. Nxd5 Bxd5 14. Bxd5 Qxd5
15. Bd2 Rfd8 16. b4 cxb4 17. axb4 a4 18. b5 Nd4 19. Ne3 Qe6 20. f3 Nb3 21. Nc4
Qd5 22. Be3 Qxb5 23. Nb6 Bh6 24. Bxh6 Qxb6+ 25. Kg2 Qe6 26. Qc2 Rac8 27. Qa2 b5
28. f4 exf4 29. Rxf4 Re8 30. Rf2 Rc5 31. Rbf1 Rh5 32. Bf4 Nd4 33. Qb2 Nxe2 0-1